| 000 | 00526nam a22001577a 4500 | ||
|---|---|---|---|
| 005 | 20250129082706.0 | ||
| 008 | 250129b |||||||| |||| 00| 0 eng d | ||
| 020 | _a9780074632604 | ||
| 050 | _aRB37.5 MUK | ||
| 100 | _aMukherjee, Kanai L. | ||
| 245 |
_aMedical Laboratory Technology/ _ba procedure manual for routine diagnostic tests _cKanai L. Mukherjee |
||
| 250 | _aVolume 1 | ||
| 260 |
_aNew Delhi _bTata McGraw-Hill Publishing Company Limited _c1988,2007 |
||
| 300 |
_axv. 481p. _bill. _c24cm |
||
| 942 |
_2lcc _cBK _evolume 1 _n0 |
||
| 999 |
_c3184 _d3184 |
||